Statistiques concernant Les voyages présidentiels de François Hollande 2012-2017

Cliquez ici pour prendre le quiz!

Statistiques générales

  • Ce quiz a été pris 65 fois
  • Le résultat moyen est 53 sur 76

Statistiques - réponses

Nombre de visitesPays visité(s)% Correct
19Allemagne
97%
13Etats-Unis
97%
2Chine
95%
10Italie
95%
4Russie
95%
4Espagne
94%
2Japon
94%
8Royaume-Uni
94%
37Belgique
92%
1Canada
92%
3Brésil
90%
2Mexique
89%
2Portugal
89%
1Corée-du-Sud
87%
3Maroc
87%
5Pologne
87%
3Suisse
87%
2Australie
86%
1Pays-Bas
86%
2Algérie
84%
2Inde
84%
1Irlande
84%
2Afrique-du-Sud
83%
1Egypte
83%
1Norvège
83%
3Tunisie
83%
2Grèce
79%
1Ukraine
79%
1Luxembourg
76%
1Monaco
75%
1Chili
73%
1Roumanie
73%
4Arabie saoudite
71%
3Mali
71%
2Sénégal
71%
1Indonésie
70%
2Qatar
70%
1Colombie
68%
2Irak
68%
1Israël
68%
1Vatican
68%
1Tchéquie
67%
1Biélorussie
65%
2Liban
65%
1Niger
65%
3Slovaquie
65%
1RD Congo
63%
1Slovénie
63%
1Vietnam
63%
2Emirats arabes unis
62%
1Cameroun
60%
1Lituanie
60%
1Côte d'Ivoire
59%
1Lettonie
59%
4Malte
59%
2Nigeria
59%
1Arménie
57%
2Cuba
57%
2Azerbaïdjan
56%
1Laos
56%
1Madagascar
56%
1Singapour
56%
1Kazakhstan
54%
1Haïti
52%
1Malaisie
51%
1Tchad
51%
1Afghanistan
49%
1Angola
49%
1Bénin
48%
1Géorgie
48%
1Guinée
48%
1Philippines
48%
3Centrafrique
44%
1Ethiopie
44%
1Jordanie
44%
1Comores
37%

Distribution des résultats

Percentile par nombre de réponses

% des personnes avec chaque résultat

Votre développement - résultats

Vous n’avez pas pris ce quiz